000 00211 a2200097 4500
020 _a9780547735023
041 _aeng
100 _aJonathan Safran Foer
245 _aExtremely loud y incredibly close
942 _cBK
999 _c30580
_d30578